<?xml version="1.0" encoding="UTF-8"?>
<record
    xmlns:xsi="http://www.w3.org/2001/XMLSchema-instance"
    xsi:schemaLocation="http://www.loc.gov/MARC21/slim http://www.loc.gov/standards/marcxml/schema/MARC21slim.xsd"
    xmlns="http://www.loc.gov/MARC21/slim">

  <leader>02758nam a22002297a 4500</leader>
  <controlfield tag="005">20250806140038.0</controlfield>
  <controlfield tag="008">240705b           ||||| |||| 00| 0 eng d</controlfield>
  <datafield tag="020" ind1=" " ind2=" ">
    <subfield code="a">9788131264355</subfield>
  </datafield>
  <datafield tag="040" ind1=" " ind2=" ">
    <subfield code="c">AL</subfield>
  </datafield>
  <datafield tag="041" ind1=" " ind2=" ">
    <subfield code="a">English</subfield>
  </datafield>
  <datafield tag="082" ind1=" " ind2=" ">
    <subfield code="2">23</subfield>
    <subfield code="a">574.192  </subfield>
    <subfield code="b">SATB</subfield>
  </datafield>
  <datafield tag="100" ind1=" " ind2=" ">
    <subfield code="a">U Satyanarayana and others</subfield>
    <subfield code="9">234270</subfield>
  </datafield>
  <datafield tag="245" ind1=" " ind2=" ">
    <subfield code="a">Biochemistry</subfield>
  </datafield>
  <datafield tag="250" ind1=" " ind2=" ">
    <subfield code="a">6</subfield>
  </datafield>
  <datafield tag="260" ind1=" " ind2=" ">
    <subfield code="a">Kolkata</subfield>
    <subfield code="b">Elsevier ,Books and Allied Pvt Ltd</subfield>
    <subfield code="c">2021</subfield>
  </datafield>
  <datafield tag="300" ind1=" " ind2=" ">
    <subfield code="a">777 p.</subfield>
    <subfield code="b">PB</subfield>
    <subfield code="c">27x21 cm.</subfield>
  </datafield>
  <datafield tag="365" ind1=" " ind2=" ">
    <subfield code="a">2281</subfield>
    <subfield code="b">&#x20B9;1460.00</subfield>
    <subfield code="c">&#x20B9;</subfield>
    <subfield code="d">&#x20B9;1825.00</subfield>
    <subfield code="e">20%</subfield>
    <subfield code="f">04-07-2024</subfield>
  </datafield>
  <datafield tag="520" ind1=" " ind2=" ">
    <subfield code="a">SECTION ONE: CHEMICAL CONSTITUENTS OF LIFE Chapter 1: Biomolecules and the Cell Chapter 2: Carbohydrates Chapter 3: Lipids Chapter 4: Proteins and Amino Acids Chapter 5: Nucleic Acids and Nucleotides Chapter 6: Enzymes Chapter 7: Vitamins SECTION TWO: PHYSIOLOGICAL BIOCHEMISTRY Chapter 8: Digestion and Absorption Chapter 9: Plasma Proteins Chapter 10: Hemoglobin and Porphyrins Chapter 11: Biological Oxidation SECTION THREE: METABOLISMS Chapter 12: Introduction to Metabolism Chapter 13: Metabolism of Carbohydrates Chapter 14: Metabolism of Lipids Chapter 15: Metabolism of Amino Acids Chapter 16: Integration of Metabolism Chapter 17: Metabolism of Nucleotides Chapter 18: Mineral Metabolism SECTION FOUR: CLINICAL BIOCHEMISTRY AND NUTRITION Chapter 19: Hormones Chapter 20: Organ Function Tests Chapter 21: Water, Electrolyte and Acid-base Balance Chapter 22: Tissue Proteins and Body Fluids Chapter 23: Nutrition SECTION FIVE: MOLECULAR BIOLOGY AND BIOTECHNOLOGY Chapter 24: DNA-Replication, Recombination, and Repair Chapter 25: Transcription and Translation Chapter 26: Regulation of Gene Expression Chapter 27: Recombinant DNA and Biotechnology SECTION SIX: CURRENT TOPICS Chapter 28: Human Genome Project Chapter 29: Gene Therapy Chapter 30: Bioinformatics Chapter 31: Metabolism of Xenobiotics (Detoxification) Chapter 32: Prostaglandins and Related Compounds Chapter 33: Biological Membranes and Transport Chapter 34: Free Radicals and Antioxidants Chapter 35: Environmental Biochemistry Chapter 36: Insulin, Glucose Homeostasis, and Diabetes Mellitus Chapter 37: Cancer Chapter 38: Acquired Immunodeficiency Syndrome (AIDS) SECTION SEVEN: BASICS TO LEARN BIOCHEMISTRY Chapter 39: Introduction to Bioorganic Chemistry Chapter 40: Overview of Biophysical Chemistry Chapter 41: Tools of Biochemistry Chapter 42: Immunology Chapter 43: Genetics Appendices Answers to Self-assessment Exercises Abbreviations used in this Book Origins of Important Biochemical Words Common Confusables in Biochemistry Practical Biochemistry-Principles Clinical Biochemistry Laboratory Case Studies with Biochemical Correlations Index</subfield>
  </datafield>
  <datafield tag="650" ind1=" " ind2=" ">
    <subfield code="a">Biochemistry</subfield>
    <subfield code="9">172666</subfield>
  </datafield>
  <datafield tag="700" ind1=" " ind2=" ">
    <subfield code="a">Chakrapani,  U</subfield>
    <subfield code="9">172668</subfield>
  </datafield>
  <datafield tag="942" ind1=" " ind2=" ">
    <subfield code="2">ddc</subfield>
    <subfield code="c">BK</subfield>
  </datafield>
  <datafield tag="999" ind1=" " ind2=" ">
    <subfield code="c">231390</subfield>
    <subfield code="d">231390</subfield>
  </datafield>
  <datafield tag="952" ind1=" " ind2=" ">
    <subfield code="0">0</subfield>
    <subfield code="1">0</subfield>
    <subfield code="2">ddc</subfield>
    <subfield code="4">0</subfield>
    <subfield code="7">0</subfield>
    <subfield code="8">BT</subfield>
    <subfield code="a">AL</subfield>
    <subfield code="b">AL</subfield>
    <subfield code="c">SK</subfield>
    <subfield code="d">2024-07-05</subfield>
    <subfield code="e">Biblios Book Point Surathkal Mangalore 575014</subfield>
    <subfield code="g">1460.00</subfield>
    <subfield code="l">2</subfield>
    <subfield code="o">574.192 SATB</subfield>
    <subfield code="p">077241</subfield>
    <subfield code="r">2025-02-22 00:00:00</subfield>
    <subfield code="s">2025-02-07</subfield>
    <subfield code="v">1825.00</subfield>
    <subfield code="w">2024-07-05</subfield>
    <subfield code="y">BK</subfield>
  </datafield>
  <datafield tag="952" ind1=" " ind2=" ">
    <subfield code="0">0</subfield>
    <subfield code="1">0</subfield>
    <subfield code="2">ddc</subfield>
    <subfield code="4">0</subfield>
    <subfield code="7">0</subfield>
    <subfield code="8">BT</subfield>
    <subfield code="a">AL</subfield>
    <subfield code="b">AL</subfield>
    <subfield code="d">2024-07-05</subfield>
    <subfield code="e">Biblios Book Point Surathkal Mangalore 575014</subfield>
    <subfield code="g">1460.00</subfield>
    <subfield code="l">7</subfield>
    <subfield code="m">2</subfield>
    <subfield code="o">574.192 SATB</subfield>
    <subfield code="p">077242</subfield>
    <subfield code="r">2025-11-03 12:20:30</subfield>
    <subfield code="s">2025-10-14</subfield>
    <subfield code="v">1825.00</subfield>
    <subfield code="w">2024-07-05</subfield>
    <subfield code="y">BK</subfield>
  </datafield>
</record>
